000 00802 a2200205 4500
001 59913
005 20260407155852.0
008 260407a1980 arg spa d
003 AR-UNSa-BCEJYS
040 _aAR-UNSa-BCEJYS
_bspa
_cAR-UNSa-BCEJYS
080 _a343.2
_xDerecho penal
245 1 0 _aDerecho penal
264 1 _aBuenos Aires :
_bAstrea
_c1980
300 _a2 v. (544 ; 543 p.)
_c23 cm.
505 _aVol. I: Parte Primera: El derecho penal. Historia del derecho y el pensamiento penal – Parte Segunda: Teoría de la ley penal – Parte Tercera: El delito y su autor. Imputación jurídica delictiva – Vol. II: Parte Cuarta: Consecuencias jurídicas del delito -
041 _aspa
942 _cBK
590 _aniveau_biblio:m niveau_hierar:0
100 1 _aTerán Lomas, Roberto A. M.
999 _c6841
_d6841